000 00404nam a22001457a 4500
008 220728b |||||||| |||| 00| 0 eng d
020 _a0367278915
050 _aHD59
_b.T44 2021
245 _aThe Public Relations Handbook/
_cEdited by Alison Theaker
250 _a6th ed.
260 _aNew York
_bRoutledge
_c2021
300 _axv, 423p.
650 _aCorporations
_vPublic relations
942 _2lcc
_cBK
999 _c19412
_d19411